000 00248nam a22001217a 4500
020 _aF
082 _a823
_bWIL/L
100 _aWILLSON, SARAH
245 _aLET MY BABIES GO
260 _aUK
_bSCHOLASTIC
650 _aENGLISH SHORT STORY
942 _cBK
999 _c3451
_d3451